Recuperació i restauració de l'esglèsia de Santa Maria de Matadars o del Marquet : El Pont de Vilomara i Rocafort El Pont de Vilomara i Rocafort
Descripción Física:
20 pàgines : il. ; 21 cm
Materias:
Santa Maria de Matadars (Església : Pont de Vilomara i Rocafort)
; Arquitectura -- Conservació i restauració -- Barcelona (Província)
; Pont de Vilomara i Rocafort, El
Idioma:
Catalán
MARC
| LEADER | 00000nam a22000007a 4500 | ||
|---|---|---|---|
| 001 | 25352 | ||
| 003 | Arxiu | ||
| 005 | 20260324181103.0 | ||
| 008 | 220428b spa||||| |||| 00| 0 cat d | ||
| 017 | |a DL B 7756-2020 | ||
| 080 | |a FU-68-32 | ||
| 245 | |a Recuperació i restauració de l'esglèsia de Santa Maria de Matadars o del Marquet : |b El Pont de Vilomara i Rocafort | ||
| 260 | |a Barcelona : |b Diputació de Barcelona. Servei de Patrimoni Arquitectònic Local, |c 2020 | ||
| 300 | |a 20 pàgines : |b il. ; |c 21 cm | ||
| 610 | 1 | 0 | |a Santa Maria de Matadars (Església : Pont de Vilomara i Rocafort) |9 52696 |
| 650 | 0 | |9 52697 |a Arquitectura |x Conservació i restauració |z Barcelona (Província) | |
| 651 | 0 | |9 50787 |a Pont de Vilomara i Rocafort, El | |
| 710 | |a Barcelona (Catalunya : Província). |b Servei de Patrimoni Arquitectònic Local |9 19202 | ||
| 710 | 1 | |9 52698 |a Pont de Vilomara i Rocafort (Catalunya). |b Ajuntament | |
| 942 | |2 udc |n 1 |c ARXIU | ||
| 952 | |0 0 |1 0 |4 0 |6 FU6831 |7 1 |9 61427 |a Arxiu |b Arxiu |d 2022-04-28 |l 0 |o FU-68-31 |p 25352 |r 2022-04-28 00:00:00 |w 2022-04-28 |y ARXIU | ||
| 999 | |c 81380 |d 81380 | ||